000 00342pam a2200133a 44500
008 230405s2006 xxu||||| |||| 00| 0 eng d
020 _a8180617564
_cRs. 105
082 _a617.7
_bLOH
100 _aLohiya, Vinod
245 _aPractical Manual of Ophthalmology
260 _aNew Delhi
_bJaypee Pub
_c2006
300 _a141 p
906 _a001115
999 _c249211
_d249211